Edexcel German vocabulary - Statistics

General Stats
  • This quiz has been taken 28 times
  • The average score is 21 of 80
Answer Stats
Hint Answer % Correct
Tier animal
87%
Bibliothek library
87%
genug enough
80%
schwer difficult
73%
krank sick
73%
antworte answer
67%
Frage question
67%
Krawatte tie
67%
bequem comfortable
60%
Dorf village
60%
zahlen pay
53%
moglich possible
47%
verstehen understand
47%
Dom cathedral
40%
schlossen closed
40%
draussen outside
40%
ernst serious
40%
einige some
40%
Durch through
40%
Verkehr traffic
40%
Gegend area
33%
Gebiet Area
33%
Strom electricity
33%
Erlebnis experience
33%
bekannt known
33%
Moglichkeit possibility
33%
Erfolg success
33%
Hochzeit wedding
33%
eigentlich actually
27%
Sitzbank bench
27%
im Allgemeinen in general
27%
Einladung invitation
27%
zahl number
27%
sondern rather
27%
Schildkrote tortoise
27%
Erwachsenen adults
20%
abhangig dependent
20%
Schulleiter principal
20%
regelmassig regularly
20%
Beziehung relationship
20%
Unterstutzung support
20%
Umfrage survey
20%
Stau traffic jam
20%
Vermeiden Avoid
13%
Schusseln bowls
13%
bestimmt certainly
13%
Rathaus city hall
13%
kameraden comrades
13%
unterschiedlich different
13%
Anfahrt directions
13%
gleich even
13%
bose evil
13%
Erfahrungen Experiences
13%
Hauptstrasse main road
13%
unterwegs on the way
13%
eigenes own
13%
Meeresfruchte seafood
13%
Vereinigte united
13%
Nahe vicinity
13%
Umgebung vicinity
13%
damit with it
13%
Wohltatigkeit charity
7%
ungeheuer enormous
7%
Fachkenntnisse Expertise
7%
dafur for that
7%
dabei included
7%
Unterricht lessons
7%
darauf on it
7%
veranstalter organiser
7%
Imbisstube snack bar
7%
stickig stuffy
7%
redet to talk
7%
ausserdem aside from that
0%
Wettbewerb competitions
0%
Beitrag contribution
0%
Ausflug day trip
0%
Egal No matter
0%
Teilnehmer participants
0%
dauern to last
0%
verwandeln transformed
0%
No matching quizzes found
Score Distribution
Percent of People with Each Score
Percentile by Number Answered
Your Score History
You have not taken this quiz